000 01027nam2a22002771 4500
001 RU\NLR\INFOCOMM\1000035774
005 20250806205914.0
035 _a(NLR Aleph) 002764581
090 _a56314
_c56314
100 _a20040202d1942 u y0rusy50 ca
101 0 _arus
102 _aRU
105 _ay |||||||||
200 1 _aУстройство для образования дополнительных (фантомных) цепей по проводам селекторной связи (УФС)
_fГрачев, И.С.
210 _d1942
461 0 _1001RU\NLR\INFOCOMM\1000035770
_12001#$aИнформационное письмо$fВсесоюз. науч.-ислед. ин-т ж.-д. транспорта$v7
700 1 _aГрачев
_bИ.С.
_4070
801 1 _aRU
_bInfoComm
_c20040202
801 0 _aRU
_bNLR
_gPSBO
852 _aNLR
_jП10/646
942 _cISSUE
945 _aРоссийская национальная библиотека
980 _aNB
980 _aBV
980 _aRUSPER